000 00716 aa a2200193 4500
008 081021t xxu||||| |||| 00| 0 eng d
010 _aENG-84554
020 _a0195676327
020 _c550.00 (hb)
035 _aEN-68087
082 _a338.91
100 _aChakravarti, Ashok
245 _aAid, institutions and development:
_bnew approaches to growth, governance and poverty /
_cby Ashok Chakravarti
260 _aNew Delhi
_bOxford University Press
260 _c2005
300 _ax,190p
_c22cm
942 _2ddc
_cEN
_h338.91
_mCHA
999 _c17859
_d17859